000 00596nam a22002297a 4500
003 OSt
005 20220924113621.0
006 a|||||r|||| 00| 0
007 ta
008 220923b |||||||| |||| 00| 0 eng d
024 _a16999
037 _cGeneral Books
040 _aARTS
_cARTS
_beng
041 _2eng
_aeng
082 _aO111973v, L1
100 _aMcCormick John
_933207
245 0 _aAmerican literature 1919-1932
_b A comparative history
260 _c1971
300 _ap.
942 _hO111973v, L1
_cGB
_2CC
999 _c390233
_d390233